00615cam a2200205 a 4500008004100000020002200041050001400063100002200077245009300099250001300192260004400205300005000249500002000299650002300319700002100342700001900363003000100382005001700383040000900400  a0618223193 (pbk.)00aQ161.2SHI1 aShipman, James T.13aAn introduction to physical science /cJames T. Shipman, Jerry D. Wilson, Aaron W. Todd. a10th ed. aBoston :bHoughton Mifflin Co.,cc2003. a1 v. (various pagings) :bcol. ill. ;c26 cm. aIncludes index. 0aPhysical sciences.1 aWilson, Jerry D.1 aTodd, Aaron W.20230123134226.0 cNUST